Zo history : (Record no. 1637)

MARC details
000 -LEADER
fixed length control field 00965nam a2200253 a 4500
001 - CONTROL NUMBER
control field 2005639
003 - CONTROL NUMBER IDENTIFIER
control field GBCCL
005 - DATE AND TIME OF LATEST TRANSACTION
control field 20241126110406.0
008 - FIXED-LENGTH DATA ELEMENTS--GENERAL INFORMATION
fixed length control field 900719q19801990ii af b 000 0 eng
010 ## -
-- 90176859
040 ## - CATALOGING SOURCE
Original cataloging agency DLC
Transcribing agency DLC
043 ## -
-- a-ii---
-- a-br---
-- a-bg---
050 00 -
-- DS339.3.K84
-- V85 1988
082 00 - DEWEY DECIMAL CLASSIFICATION NUMBER
Classification number 954.004954
Edition information 20
Item number VUM
100 0# - MAIN ENTRY--PERSONAL NAME
Personal name Vumson.
9 (RLIN) 3363
245 10 - TITLE STATEMENT
Title Zo history :
Remainder of title with an introduction to Zo culture, economy, religion and their status as an ethnic minority in India, Burma, and Bangladesh /
Statement of responsibility, etc. by Vumson.
260 ## - PUBLICATION, DISTRIBUTION, ETC.
Place of publication, distribution, etc. Aizawl, Mizoram, India :
Name of publisher, distributor, etc. Vumson,
Date of publication, distribution, etc. [1988?]
300 ## - PHYSICAL DESCRIPTION
Extent 331 p., [16] p. of plates :
Other physical details ill. ;
Dimensions 22 cm.
504 ## - BIBLIOGRAPHY, ETC. NOTE
Bibliography, etc. note Includes bibliographical references (p. [322]-328).
650 #0 - SUBJECT ADDED ENTRY--TOPICAL TERM
Topical term or geographic name entry element Kuki Chin (South Asian people)
General subdivision History.
9 (RLIN) 3364
906 ## - LOCAL DATA ELEMENT F, LDF (RLIN)
a 7
b cbc
c orignew
d 2
e ncip
f 19
g y-gencatlg
942 ## - ADDED ENTRY ELEMENTS (KOHA)
Source of classification or shelving scheme Dewey Decimal Classification
Koha item type Archives
Holdings
Withdrawn status Lost status Source of classification or shelving scheme Damaged status Not for loan Home library Current Library Shelving location Date acquired Total checkouts Full call number Barcode Date last seen Copy number Price effective from Koha item type
    Dewey Decimal Classification     GRACE BIBLE COLLEGE GRACE BIBLE COLLEGE Archives 2017-05-09   954.004954 VUM 001646 2025-05-01 c.1 2017-05-09 Archives
    Dewey Decimal Classification     GRACE BIBLE COLLEGE GRACE BIBLE COLLEGE Archives 2017-05-10   954.004954 VUM 005439 2025-05-01 c.2 2017-05-10 Archives
© Grace Bible College Library 2025